Normal view MARC view
  • Joint Consultative Committee of Architects, Quantity Surveyors and Builders

Entry Corporate Name

Number of records used in: 1

001 - CONTROL NUMBER

  • control field: 4958

003 - CONTROL NUMBER IDENTIFIER

  • control field: SIRSI

005 - DATE AND TIME OF LATEST TRANSACTION

  • control field: 20190806150239.0

008 - FIXED-LENGTH DATA ELEMENTS

  • fixed length control field: 060615n| aaannaabn |n ana d

040 ## - CATALOGING SOURCE

  • Original cataloging agency: OSt
  • Transcribing agency: OSt

110 2# - HEADING--CORPORATE NAME

  • Corporate name or jurisdiction name as entry element: Joint Consultative Committee of Architects, Quantity Surveyors and Builders

670 ## - SOURCE DATA FOUND

  • Source citation: Plan before you build, [>1954]